| 000 | 00500nam a2200169Ia 4500 | ||
|---|---|---|---|
| 999 |
_c8274 _d8274 |
||
| 020 | _a9788132109587 | ||
| 082 | _a338.095 IND; | ||
| 245 | 0 | _aIndustrial restructuring in Asia: implications of the global economic crisis | |
| 260 |
_aNew Delhi _bSage Publications _c2013 |
||
| 300 | _axx, 384 | ||
| 650 | _aINDUSTRIAL POLICY - ASIA | ||
| 650 | _aSTRUCTURAL ADJUSTMENT(ECONOMIC POLICY) - ASIA | ||
| 650 | _aFINANCIAL CRISIS | ||
| 700 | _aHsieh, Wen-Jen | ||
| 700 | _aThorbecke, Willem | ||
| 942 | _cBK | ||